| 000 | 00371nam a22001697a 4500 | ||
|---|---|---|---|
| 005 | 20260619131107.0 | ||
| 020 | _a9789391793678 | ||
| 041 | _aEnglish | ||
| 082 | _aT13 R25 KRI | ||
| 100 | _aKrishnan Rajam | ||
| 245 | _aVanadeviyin Mainthargal | ||
| 250 | _a01 | ||
| 260 |
_aChennai _bCholan Publications _c2025 |
||
| 300 | _a256 | ||
| 365 | _b525.00 | ||
| 942 | _cBK | ||
| 999 |
_c177962 _d177962 |
||